00408nam a2200145 a 4500008004100000050001600041100002200057245006100079250001500140260003200155300002200187350000900209650001500218650002900233120416s1983 ||||||||||||||||| || u aHD 58.7 Fel aFeldman, Daniel C10aManaging individual and group behaviour in organizations aInternatio aAucklandbMcGraw-Hillc1983 axxii, 613p. : ill a0.00 0aMANAGEMENT aORGANIZATIONAL BEHAVIOUR